000 00716nam a2200205Ia 4500
005 20260121110133.0
008 008 260114s9999 xx 000 0 hin d
020 _a9788132304340
037 _aEBOOK
040 _aCRL
_bhin
_cCRL
041 _ahin
_2hin
084 _qCRL
100 _aललिता गर्ग / Lalita Garg
_9942496
245 0 _aसामुदायिक स्वास्थ्य एवं परिवार कल्याण / Samudaayik swasthya aur parivar kalyan
260 _bभाषा प्रकाशन / Bhasha Prakashan
_c2020
856 _uhttps://bhashaprakashan.com/product-details/378065
942 _cEBOOK
999 _c1534161
_d1534161